Normal view MARC view
  • Fantasía

Entry Materia

Number of records used in: 70

001 - NÚMERO DE CONTROL DEL REGISTRO

  • campo de control: 11180

003 - IDENTIFICADOR DE NUMERO DE CONTROL

  • campo de control: UPN

005 - FECHA Y HORA DE LA ÚLTIMA TRANSACCIÓN

  • campo de control: 20240923162117.0

008 - DATOS DE LONGITUD FIJA

  • campo de control de longitud fija: 220904nn acannaabn n ana d

035 ## - NÚMERO DE CONTROL DEL SISTEMA

  • Número de control del sistema: UPN10000011187

040 ## - FUENTE DE LA CATALOGACIÓN

  • Lengua de catalogación: SPA
  • Agencia de transcripción: UPN
  • Centro catalogador de origen: UPN

046 ## - FECHAS CON CODIFICACIÓN ESPECIAL

  • Fecha final para contenidos agregados: 2022

150 ## - ENCABEZAMIENTO - TEMÁTICO

  • Término de materia o nombre geográfico como elemento inicial: Fantasía

670 ## - FUENTE EN LA QUE SE LOCALIZARON DATOS

  • Cita de la fuente: LC
  • Información localizada: Fantasy

680 ## - NOTA GENERAL CON DESPLIEGUE PÚBLICO

  • Texto explicativo: Aquí se asientan las obras de ficción generalmente caracterizadas como High fantasy o fantasía épica, primordialmente situada en mundos paralelos o imaginarios, que a menudo son personificados con criaturas extraordinarias, actuando en hechos heróicos, épicos, epopéyicos, así como elementos de magia

902 ## - CATALOGADOR

  • Catalogador: BDV/061108